Minecraft Wood (Logs) - Picture Quiz - Statistics

General Stats
  • This quiz has been taken 123 times
  • The average score is 8 of 10
Answer Stats
Picture Answer % Correct
Oak
100%
Birch
97%
Jungle
92%
Spruce
92%
Dark Oak
89%
Acacia
83%
Mangrove
70%
Cherry
67%
Crimson
66%
Warped
65%
No matching quizzes found
Score Distribution
Percent of People with Each Score
Percentile by Number Answered
Your Score History
You have not taken this quiz